Central Library, Doon University
WEBOPAC (ONLINE PUBLIC ACCESS CATALOGUE)

Ambedkarism (Record no. 60268)

MARC details
000 -LEADER
fixed length control field 00565nam a22002057a 4500
005 - DATE & TIME
control field 20260206132424.0
008 - FIXED-LENGTH DATA ELEMENTS--GENERAL INFORMATION
fixed length control field 260206b |||||||| |||| 00| 0 eng d
020 ## - ISBN
International Standard Book Number 9789383931668
Price 1595.00
040 ## - CATALOGING SOURCE
Original cataloging agency Doon University
041 ## - Language
Language English
082 ## - DDC NUMBER
Classification number 954.035
Book Number AMB
100 ## - MAIN ENTRY--PERSONAL NAME
Personal name Ghorai, Tanmy Kumar (ed)
245 ## - TITLE STATEMENT
Title Ambedkarism
Sub Title : Meaning Application And Relevance
260 ## - PUBLICATION, DISTRIBUTION, ETC. (IMPRINT)
Place of publication, distribution, etc Delhi
Name of publisher, distributor, etc Academic
Date of publication, distribution, etc 2022
300 ## - PHYSICAL DESCRIPTION
Pages 2012
650 ## - Subject
Subject Economics
700 ## - Added Entry Personal Name
Added Entry Personal Name Anil, Kumar (ed)
700 ## - Added Entry Personal Name
Added Entry Personal Name Sonkar, Naresh Kumar (ed)
942 ## - ADDED ENTRY ELEMENTS (KOHA)
Koha item type Books
100 ## - MAIN ENTRY--PERSONAL NAME
-- 26221
650 ## - Subject
-- 79
700 ## - Added Entry Personal Name
-- 26222
700 ## - Added Entry Personal Name
-- 26223
952 ## - LOCATION AND ITEM INFORMATION (KOHA)
-- 2026-02-06
952 ## - LOCATION AND ITEM INFORMATION (KOHA)
-- 2026-02-06
952 ## - LOCATION AND ITEM INFORMATION (KOHA)
-- 2026-02-06
952 ## - LOCATION AND ITEM INFORMATION (KOHA)
-- 2026-02-06
952 ## - LOCATION AND ITEM INFORMATION (KOHA)
-- 2026-02-06
Holdings
Withdrawn status Lost status Source of classification or shelving scheme Damaged status Not for loan Location (home branch) Sublocation or collection (holding branch) Date acquired Koha full call number Accession No. Koha date last seen Koha item type Koha issues (times borrowed)
        Not For Loan Doon University Doon University 06.02.2026 954.035 AMB 52379 06.02.2026 Reference  
          Doon University Doon University 06.02.2026 954.035 AMB 52380 06.02.2026 Books  
          Doon University Doon University 06.02.2026 954.035 AMB 52381 06.02.2026 Books  
          Doon University Doon University 06.02.2026 954.035 AMB 52382 06.02.2026 Books  
          Doon University Doon University 06.02.2026 954.035 AMB 52383 06.02.2026 Books  
Contact : +91-135-2533126 (Library),+91-135-2533105 (Admin Office) , Email : doonlibrary@gmail.com

Powered by Koha